La patria española: Trozos escogidos (...)

Gespeichert in:
Bibliographische Detailangaben
1. Verfasser: Solana, Ezequiel. Autor
Format: Buch
Sprache:Spanisch
Erschienen: Madrid Editorial Escuela Española 1962
Ausgabe:14ª ed.
Katalog:MANES:  Suchergebnis im Bibliothekskatalog
Schulbuchspezifische Eigenschaften:
Tags: Tag hinzufügen
Keine Tags, Fügen Sie den ersten Tag hinzu!
Hinzugefügt zu:13.06.2021
Geändert in:07.05.2025

MARC

LEADER 00000nam a22000007a 4500
005 20250507134309.0
008 210614b ||||| |||| 00| 0 spa d
040 |a centro_manes  |c centro_manes 
100 |9 1832  |a Solana, Ezequiel. Autor 
245 |a La patria española: Trozos escogidos (...) 
250 |a 14ª ed. 
260 |a Madrid  |b Editorial Escuela Española  |c 1962 
300 |a 206  |c 14 x 18 cm 
500 |a Contiene ilustraciones en blanco y negro.  
546 |a España 
561 |5 es-BUNED  |3 LT 0517  |a España. Fondo Manes UNED  |k MANES 
690 0 |a ECS  |a EyL 
691 0 |a PRI 
942 |2 ddc  |c BK 
999 |c 92306  |d 92306 
999 |c manes:92306  |d 92306